[Event "IND-ch U25"]
[Site "Calicut"]
[Date "2013.10.05"]
[Round "6"]
[White "Banjan, Priyadarshan"]
[Black "Gusain, Himal"]
[Result "0-1"]
[WhiteElo "1677"]
[BlackElo "2307"]
[PlyCount "64"]
[EventDate "2013.10.02"]
[EventType "swiss"]
[EventRounds "9"]
[EventCountry "IND"]
[SourceTitle "EXT 2014"]
[Source "ChessBase"]
[SourceDate "2013.11.20"]
[SourceVersion "1"]
[SourceVersionDate "2013.11.20"]
[SourceQuality "1"]

1. d4 d5 2. Nf3 Nf6 3. c4 e6 4. cxd5 exd5 5. Nc3 Be7 6. Bg5 c6 7. Qc2 Nbd7 8. e3 0-0 9. Bd3 Re8 10. 0-0 Nf8 11. Bxf6 Bxf6 12. b4 a6 13. a4 Bg4 14. Nd2 Rc8 15. Nb3 Be7 16. Nc5 Rc7 17. Bf5 Bxf5 18. Qxf5 a5 19. Qb1 axb4 20. Qxb4 Bd6 21. Ne2 Nd7 22. a5 Qh4 23. g3 Bxc5 24. Qxc5 Nxc5 25. gxh4 Ne4 26. Ra2 Ra8 27. Rb1 Nd6 28. Nf4 Kf8 29. Rc1 Rcc8 30. Nd3 Nc4 31. Rca1 Ra7 32. Kg2 Rca8 0-1